Encyclopédie philosophique universelle

Сохранить в:
Библиографические подробности
Главный автор: Jacob, André (Автор)
Формат:
Язык:французский
Опубликовано: París Presses Universitaires de France 1997
Редактирование:3a. ed
Предметы:
Метки: Добавить метку
Нет меток, Требуется 1-ая метка записи!

MARC

LEADER 00000nam a2200000 a 4500
001 UCQ6975
003 CL-VaPUC
008 981031e19970000FR |||||||||||||||||fre|d
082 0 4 |a 103  |b JAC  |2 21 
100 |a Jacob, André  |e author  |9 421249 
245 1 0 |a Encyclopédie philosophique universelle 
250 |a 3a. ed 
300 |a v 
942 |c BK 
945 |d 19981031 00:00:00  |a rbrito 
260 |a París  |b Presses Universitaires de France  |c 1997 
500 |a v.1: L'univers philosophique; v.3:Les Oeuvres Philosophiques Dictionnaire, Tomo 1:Philosophie occidentale; Tomo 2:Philosophie occidentale 1889 1990, Penseés asiatiques, Conceptualisation des socétes traditionnelles, repertoires, index, tables 
650 0 |a Filosofía   |9 223554 
650 0 |a Historia  |9 255047 
650 0 |a Diccionarios  |9 256200 
650 0 |a Escuelas filosóficas   |9 266232 
583 |a last modification  |c 19981031 00:00:00  |k Rodrigo Vera 
999 |c 276855  |d 276853 
952 |0 0  |1 0  |4 0  |6 103_000000000000000_JAC_1997  |7 0  |8 X  |9 314370  |a BIBEDU  |b BIBEDU  |d 2019-11-20  |h v.1  |i 3476693  |o 103 JAC 1997  |p 3476693  |r 2023-01-13  |w 2019-11-20  |y BK_X  |k FIL 
952 |0 0  |1 0  |4 0  |6 103_000000000000000_JAC_1997  |7 0  |8 X  |9 314371  |a BIBEDU  |b BIBEDU  |d 2019-11-20  |h v.3,t.1  |i 3476707  |o 103 JAC 1997  |p 3476707  |r 2023-01-13  |w 2019-11-20  |y BK_X  |k FIL 
952 |0 0  |1 0  |4 0  |6 103_000000000000000_JAC_1997  |7 0  |8 X  |9 314372  |a BIBEDU  |b BIBEDU  |d 2019-11-20  |h v.3,t.2  |i 3476715  |o 103 JAC 1997  |p 3476715  |r 2023-01-13  |w 2019-11-20  |y BK_X  |k FIL